000 00980cam a22001934a 4500
005 20250605164007.0
008 250528s ||||||||||||||||||||||||d
035 _a15833
020 _a521567394
040 _aGR-AtMCL
_bgre
_dGR-AtMCL
_eAACR2
245 1 _aArguing and Thinking / A Rhetorical Approach to Social Psychology
260 _bCambridge University Press,
_c1996
300 _a328
520 _aA breakthrough book in three different fields - sociology, psychology, and the rhetoric of inquiry. Acknowledgements, Second Thoughts and Second Arguments: A New Introduction, Antiquarian Psychology, Rules and Roles and Arguments, Protagoras and the Origins of Rhetoric, The Science of Persuasion, The Art of Witchcraft, Categorization and Particularization, Advocacy and Attitudes, Dilemmas of Common-Sense, The Spirit of Contradiction, Notes, References, Name and Subject Index.
700 1 _aBillig Michael
_91843
942 _cBK
999 _c1383
_d1383